Statistics for Bandeiras da Europa

Click here to take the quiz!

General Stats

  • This quiz has been taken 3,855 times
  • The average score is 32 of 45

Answer Stats

Answer % Correct
Reino Unido
98%
Alemanha
97%
Portugal
96%
França
95%
Espanha
95%
Itália
93%
Grécia
93%
Suécia
93%
Suíça
90%
Finlândia
88%
Noruega
87%
Irlanda
87%
Bélgica
84%
Rússia
83%
Dinamarca
83%
Países Baixos
82%
Croácia
78%
Polônia
77%
Islândia
76%
Ucrânia
72%
Vaticano
71%
República Checa
69%
Albânia
68%
Hungria
68%
Macedónia do Norte
68%
Áustria
67%
Romênia
66%
Bulgária
64%
Malta
63%
Bósnia e Herzegovina
61%
San Marino
60%
Eslováquia
59%
Sérvia
58%
Luxemburgo
57%
Eslovénia
56%
Letónia
56%
Estônia
56%
Kosovo
53%
Lituânia
51%
Mônaco
50%
Bielorrússia
49%
Andorra
47%
Montenegro
44%
Moldávia
44%
Liechtenstein
41%

Score Distribution

Percentile by Number Answered

Percent of People with Each Score

Your Score History

You have not taken this quiz